Top 15 Most Watched TV Shows EVER - Statistics

General Stats
  • This quiz has been taken 97 times
  • The average score is 3 of 15
Answer Stats
Director(s) Aired Runtime TV Show % Correct
Shonda Rhimes 2005-present 406hrs Grey's Anatomy
82%
Matt Duffer & Ross Duffer 2016-present 34hrs Stranger Things
80%
David Nutter 2011-2019 70hrs 14m Game of Thrones
72%
Greg Nicotero 2010-2022 178hrs The Walking Dead
43%
Mark Cendrowski 2007-2019 139hrs 30m The Big Bang Theory
19%
Nat Boltt 2017-2023 137hrs Riverdale
8%
Jenji Kohan 2013-2019 91hrs Orange is the New Black
7%
Paul McGuigan 2010-2017 18hrs Sherlock
7%
Jesús Colmenar 2017-2021 30hrs 18m Money Heist
6%
Jodie Foster 2011-present 19hrs 3m Black Mirror
5%
Jason Rothenberg 2014-2020 100hrs The 100
5%
Steve Saint Leger 2013-2020 89hrs Vikings
5%
Tom McCarthy 2017-2020 47hrs 13m 13 Reasons Why
2%
Andy Muschietti 2014-2023 171hrs The Flash
2%
James Bamford 2012-2020 170hrs Arrow
0%
No matching quizzes found
Score Distribution
Percent of People with Each Score
Percentile by Number Answered
Your Score History
You have not taken this quiz